| 000 -ლიდერი |
| ფიქსირებული სიგრძის საკონტროლო ველი |
01076nam a2200205Ia 4500 |
| 001 - საკონტროლო ნომერი |
| საკონტროლო ველი |
14061 |
| 003 - საკონტროლო ნომრის იდენტიფიკატორი |
| საკონტროლო ველი |
GE_BSU |
| 005 - ბოლო ოპერაციის თარიღი და დრო |
| საკონტროლო ველი |
20190628205033.0 |
| 008 - ფიქსირებული სიგრძის მონაცემთა ელემენტები - ზოგადი ინფორმაცია |
| ფიქსირებული სიგრძის საკონტროლო ველი |
181216s1969|||| |||||||||||||| ||geo|| |
| 041 ## - ენის კოდი |
| Language code of text/sound track or separate title |
geo |
| 080 ## - უნივერსალური ათობითი კლასიფიკაციის ინდექსი |
| Universal Decimal Classification number |
621.7 გ-73 |
| 100 ## - მთავარი ჩანაწერი - პიროვნების სახელი |
| Personal name |
გოშაძე, გ. |
| 9 (RLIN) |
3113 |
| 245 ## - ცნობა სათაურის შესახებ |
| Title |
მანქანებისა და მოწყობილობების საიმედობა და ხანგამძლეობა / |
| Statement of responsibility, etc |
გ. გოშაძე ; ბ. ვაინშტეინი ; რედ : ნ. ფავლენიშვილი. |
| 264 ## - წარმოების, გამოცემის, დისტრიბუციის და სხვა ცნობები |
| გამოცემის, წარმოების, დისტრიბუციის... ადგილი |
თბილისი : |
| გამოცემის, წარმოების, დისტრიბუციის... სახელწოდება |
საბჭოთა საქართველო, |
| გამოცემის, წარმოების, დისტრიბუციის... თარიღი |
1969. |
| 300 ## - ფიზიკური აღწერა |
| Extent |
188 გვ.: |
| Other physical details |
ცხრ. |
| Dimensions |
22 სმ. |
| 653 ## - INDEX TERM--UNCONTROLLED |
| Uncontrolled term |
მანქანებისა და მოწყობილობების საიმედობა და ხანგამძლეობა |
| 700 ## - ADDED ENTRY--PERSONAL NAME |
| Personal name |
ვაინშტეინი, ბ |
| 9 (RLIN) |
3114 |
| 700 ## - ADDED ENTRY--PERSONAL NAME |
| Personal name |
ფავლენიშვილი, ნ |
| Relator term |
რედაქტორი |
| 9 (RLIN) |
3115 |
| 942 ## - ADDED ENTRY ELEMENTS (KOHA) |
| Koha item type |
წიგნი |
| Source of classification or shelving scheme |
|